Most Populous Second-Level Subdivisions of the World With a Map - Statistics

General Stats
  • This quiz has been taken 87 times
  • The average score is 79 of 197
Answers on the Map
Answers color-coded by a green-red scale on the quiz's map according to % correct below.
 
Answer Stats
Answer % Correct
Los Angeles
80%
Moscow
70%
Tokyo
69%
Toronto
66%
Berlin
64%
Madrid
62%
São Paulo
61%
Tehran
61%
Cairo
59%
Dublin
59%
Kyiv
59%
Rome
59%
Seoul
59%
Stockholm
59%
Lisbon
57%
Oslo
57%
Shanghai
57%
Ulaanbaatar
57%
Algiers
56%
Baghdad
56%
Buenos Aires
56%
Greater London
56%
Lima
56%
Pyongyang
56%
Tunis
56%
Almaty
54%
Copenhagen
54%
Montevideo
54%
Tripoli
54%
Zurich
54%
Bangkok
52%
Bogotá
52%
Bucharest
52%
Dubai
52%
Kabul
52%
Kinshasa
52%
Prague
52%
Santiago
52%
Taipei
52%
Vienna
52%
Ankara
51%
Baku
51%
Bratislava
51%
Jerusalem
51%
Lagos
51%
Minsk
51%
Nairobi
51%
Riga
51%
Riyadh
51%
Sofia
51%
Tashkent
51%
Yerevan
51%
Zagreb
51%
Aleppo
49%
Amman
49%
Auckland
49%
Belgrade
49%
Chișinău
49%
Dar es Salaam
49%
Dhaka
49%
Ho Chi Minh City
49%
Panamá
49%
Phnom Penh
49%
Vientiane
49%
Vilnius
49%
Doha
48%
Dushanbe
48%
Île-de-France
48%
Kathmandu
48%
Khartoum
48%
Luanda
48%
Muscat
48%
Nicosia
48%
Pristina
48%
Saint George
48%
Sana'a
48%
Tbilisi
48%
Tirana
48%
Beirut
46%
Bishkek
46%
Brazzaville
46%
Colombo
46%
Dakar
46%
Harare
46%
Managua
46%
N'Djamena
46%
Nouakchott
46%
San Salvador
46%
Thimphu
46%
Bamako
44%
Bangui
44%
Gaborone
44%
Guatemala
44%
Ljubljana
44%
Lusaka
44%
Luxembourg
44%
Maputo
44%
Niamey
44%
Podgorica
44%
Skopje
44%
Bissau
43%
Central
43%
Conakry
43%
Kigali
43%
Lilongwe
43%
Paramaribo
43%
Santo Domingo
43%
Belize
41%
Djibouti
41%
Malé
41%
San José
41%
Santa Cruz
41%
Yangon
41%
Antwerp
39%
Capital
39%
New South Wales
39%
Dili
38%
Lahore
38%
Maseru
38%
South Tarawa
38%
Abidjan
36%
North Holland
36%
Tijuana
36%
Andorra la Vella
34%
Pest
34%
Vaduz
34%
Yaren
34%
Majuro
33%
Sanma
33%
Monaco
31%
Uusimaa
31%
Vatican City
31%
Attica
30%
Centre
30%
Funafuti
30%
Quezon City
30%
Gauteng
28%
Oromia
28%
Ashanti
26%
Capital Region
26%
Harju
26%
La Habana
26%
Masovian
26%
Pohnpei
26%
Analamanga
25%
Aşgabat
25%
Atlantique
25%
Casablanca-Settat
25%
Cortés
25%
Guayas
25%
Khomas
25%
Koror
25%
National Capital District
25%
New Providence
25%
Sarajevo Canton
25%
Thane
25%
Zulia
25%
Água Grande
23%
Castries
23%
Central Equatoria
23%
Estuaire
23%
Maritime
23%
Montserrado
23%
Northern Harbour
23%
Petaling
23%
Bekasi
21%
Benadir
21%
English River
21%
Houet
21%
Demerara-Mahaica
20%
Gaza
20%
Ouest
20%
Saint Andrew
20%
Western Area Urban
20%
Hhohho
18%
Wakiso
18%
Bujumbura Mairie
16%
Central Division
16%
Grande Comore
16%
Kanifing
16%
Maekel
16%
Saint George Basseterre
16%
Saint Michael
15%
Bioko Norte
13%
Serravalle
11%
Plaines Wilhems
10%
Brunei-Muara
8%
Tongatapu
3%
Capital Governorate
2%
Chaguanas
2%
Tuamasaga
2%
No matching quizzes found
Score Distribution
Percent of People with Each Score
Percentile by Number Answered
Your Score History
You have not taken this quiz